Statistics for 100 vanligste ord i norsk - en minutt sprint

Click here to take the quiz!

General Stats

  • This quiz has been taken 73 times
  • The average score is 17 of 100

Answer Stats

Ord% Correct
de
76%
ha
72%
jeg
69%
i
62%
han
59%
du
55%
å
55%
hun
55%
og
52%
en
48%
45%
er
41%
men
41%
der
38%
et
38%
sa
34%
meg
34%
kan
34%
34%
31%
vi
31%
ikke
31%
det
31%
her
28%
28%
under
24%
om
21%
den
21%
var
21%
av
21%
skal
17%
for
17%
seg
17%
være
17%
med
17%
før
17%
over
14%
som
14%
man
14%
henne
14%
da
14%
oss
14%
kom
10%
når
10%
noe
10%
alle
10%
to
10%
bli
10%
hva
10%
ut
10%
hvor
10%
noen
10%
fra
10%
hadde
10%
har
10%
denne
7%
7%
sier
7%
gang
7%
opp
7%
at
7%
til
7%
dem
7%
ved
7%
dette
7%
også
7%
sammen
3%
etter
3%
mer
3%
blir
3%
går
3%
vil
3%
bare
3%
alt
3%
hans
3%
eller
3%
siden
3%
inn
3%
selv
3%
kunne
3%
ble
0%
hele
0%
får
0%
dag
0%
ingen
0%
dash
0%
mange
0%
sin
0%
ham
0%
fikk
0%
igjen
0%
gikk
0%
skulle
0%
vært
0%
ville
0%
enn
0%
mot
0%
andre
0%
år
0%
slik
0%

Score Distribution

Percentile by Number Answered

Percent of People with Each Score

Your Score History

You have not taken this quiz